Vytvorenie webovej stránky Programovanie pre začiatočníkov
Uložené v:
| Hlavný autor: | |
|---|---|
| Ďalší autori: | |
| Médium: | Rukopis Kniha |
| Jazyk: | Slovak |
| Vydavateľské údaje: |
Bratislava :
STU v Bratislava FEI,
2024
|
| Predmet: | |
| On-line prístup: | https://opac.crzp.sk/?fn=detailBiblioFormChildCSUMF&sid=A6A9937D4AB687F47EC88CA9E4AF&seo=CRZP-detail-kniha |
| Tagy: |
Žiadne tagy, Buďte prvý, kto otaguje tento záznam!
|
MARC
| LEADER | 00000ntm a22000003a 4500 | ||
|---|---|---|---|
| 001 | stuzp96150 | ||
| 003 | SK-STU | ||
| 005 | 20250402135152.2 | ||
| 007 | ta | ||
| 008 | 150427s2015----xo-----f-mn---000-0-slo-d | ||
| 040 | |a STU |b slo | ||
| 041 | 0 | |a slo | |
| 044 | |a xo | ||
| 100 | 1 | |a Dedinský, Adam |u 035000 |4 aut |U FEI Fakulta elektrotechniky a informatiky |T FEI Ústav informatiky a matematiky |X 115306 |U E050 |Y 816 |7 115306 | |
| 242 | 0 | 1 | |a Creating a website Programming for beginners |y eng |
| 245 | 1 | 0 | |a Vytvorenie webovej stránky Programovanie pre začiatočníkov |
| 260 | |a Bratislava : |b STU v Bratislava FEI, |c 2024 | ||
| 300 | |a 58 s., príl. | ||
| 650 | 4 | |a Laravel |2 slo | |
| 650 | 4 | |a MySQL |2 slo | |
| 650 | 4 | |a PHP |2 slo | |
| 650 | 4 | |a HTML |2 slo | |
| 650 | 4 | |a CSS |2 slo | |
| 650 | 4 | |a JavaScript |2 slo | |
| 650 | 4 | |a Laravel |2 eng | |
| 650 | 4 | |a PHP |2 eng | |
| 650 | 4 | |a HTML |2 eng | |
| 650 | 4 | |a CSS |2 eng | |
| 650 | 4 | |a JavaScript |2 eng | |
| 650 | 4 | |a MySQL |2 eng | |
| 700 | 1 | |a Stašová, Oľga |u 035000 |k Z1 |4 ths |U FEI Fakulta elektrotechniky a informatiky |T FEI Ústav informatiky a matematiky |X 3695 |U E050 |Y 816 |7 A000003695 | |
| 856 | 4 | |u https://opac.crzp.sk/?fn=detailBiblioFormChildCSUMF&sid=A6A9937D4AB687F47EC88CA9E4AF&seo=CRZP-detail-kniha | |